Presentimientos (Record no. 161687)
[ view plain ]
| 000 -LEADER | |
|---|---|
| campo de control de longitud fija | 00799nam a22002055i 4500 |
| 001 - NÚMERO DE CONTROL | |
| campo de control | 161687 |
| 003 - IDENTIFICADOR DE NÚMERO DE CONTROL | |
| campo de control | ES-MaACL |
| 005 - FECHA Y HORA DE LA ÚLTIMA TRANSACCIÓN | |
| campo de control | 20251116063110.0 |
| 008 - DATOS DE LONGITUD FIJA--INFORMACIÓN GENERAL | |
| campo de control de longitud fija | 041025s1871 sp |||| | spa d |
| 040 ## - FUENTE DE CATALOGACIÓN | |
| Centro catalogador/agencia de origen | CAM |
| Lengua de catalogación | spa |
| Centro/agencia transcriptor | CAM |
| 080 ## - NÚMERO DE LA CLASIFICACIÓN DECIMAL UNIVERSAL | |
| Número de la Clasificación Decimal Universal | 821.134.2-14"18" |
| 100 1# - ENTRADA PRINCIPAL--NOMBRE DE PERSONA | |
| Nombre de persona | Peñaranda Carlos, |
| Fechas asociadas al nombre | 1848-1908 |
| 9 (RLIN) | 131101 |
| 245 10 - MENCIÓN DEL TÍTULO | |
| Título | Presentimientos |
| Resto del título | : ensayos poéticos / |
| Mención de responsabilidad, etc. | de Cárlos Peñaranda. |
| 260 ## - PUBLICACIÓN, DISTRIBUCIÓN, ETC. | |
| Lugar de publicación, distribución, etc. | Sevilla : |
| Nombre del editor, distribuidor, etc. | [s.n.], |
| Fecha de publicación, distribución, etc. | 1871 ( |
| Fabricante | Imp. de Gironés y Orduña) |
| 300 ## - DESCRIPCIÓN FÍSICA | |
| Extensión | 78 p. ; |
| Dimensiones | 19 cm. |
| 530 ## - NOTA DISPONIBLE DE FORMULARIO FÍSICO ADICIONAL | |
| Nota de formato físico adicional disponible | Disponible en formato digital. |
| 852 ## - LOCALIZACIÓN | |
| Ubicación | ES-MaACL |
| Número de control de estantería | T-210-F-4 |
| Nota libre | -- Enc. hol. |
| -- | -- Dedicatoria ms. del autor al Ateneo Científico y Literario de Madrid |
| 856 ## - LOCALIZACIÓN Y ACCESO ELECTRÓNICOS | |
| Identificador Uniforme de Recursos | <a href="http://bdh-rd.bne.es/viewer.vm?id=0000090280&page=1 ">http://bdh-rd.bne.es/viewer.vm?id=0000090280&page=1 </a> |
| Nota pública | Biblioteca Digital Hispánica |
| Estatus retirado | Estado de pérdida | Estado de daño | No para préstamo | Colección | Biblioteca de origen | Biblioteca actual | Ubicación en estantería | Fecha de adquisición | Total de préstamos | Signatura topográfica completa | Código de barras | Visto por última vez | Precio de reemplazo | Tipo de ítem Koha |
|---|---|---|---|---|---|---|---|---|---|---|---|---|---|---|
| Colección de folletos | Biblioteca del Ateneo de Madrid | Biblioteca del Ateneo de Madrid | Depósito folletos | 17/01/2008 | T-210-F-4 | 1169366 | 23/02/2023 | 23/02/2023 | Folleto |
